| 000 | 00316nam a22001337a 4500 | ||
|---|---|---|---|
| 999 |
_c527901 _d527901 |
||
| 003 | NUST | ||
| 038 | _aM.Ramzan | ||
| 082 |
_a553.24544 _bREH |
||
| 100 |
_aRehman, Shamim _919397 |
||
| 245 | _aThar coal Salvation paradigm | ||
| 260 |
_aKarachi _bAl Hassan Academy _c2011 |
||
| 300 |
_a120 p,: _b25cm |
||
| 942 |
_2ddc _cBK |
||